| 000 | 003670000a22001450004500 | ||
|---|---|---|---|
| 060 | _a100 | ||
| 082 | _a630.2516 CHA | ||
| 100 | _aChang, Jen-hu | ||
| 245 | _aClimate and agriculture : An ecological survey | ||
| 260 | _aChicago, Aldine Publishing company | ||
| 260 | _c1968 | ||
| 300 | _a304 | ||
| 650 | _aClimate- agriculture / ecological survey | ||
| 942 | _cBK | ||
| 999 |
_c348105 _d348105 |
||